Online
Catalog

El libro en la mano / (Record no. 967)

MARC details
000 -CABECERA
campo de control de longitud fija 01034cam a22002051 4500
001 - NÚMERO DE CONTROL
campo de control 000000981
005 - FECHA Y HORA DE LA ÚLTIMA TRANSACCIÓN
campo de control 20241009115416.0
008 - DATOS DE LONGITUD FIJA--INFORMACIÓN GENERAL
campo de control de longitud fija 800925s1954 cl a 000 0 spa
040 ## - FUENTE DE LA CATALOGACIÓN
Centro catalogador/agencia de origen DO-SdBNP
Lengua de catalogación spa
Centro/agencia transcriptor BNPHU
082 ## - NÚMERO DE LA CLASIFICACIÓN DECIMAL DEWEY
Número de clasificación xx
Número de documento/Ítem xx
100 1# - ENTRADA PRINCIPAL--NOMBRE DE PERSONA
Nombre de persona Scarpa, Roque Esteban,
Fechas asociadas al nombre 1914-
9 (RLIN) 3438
245 13 - MENCIÓN DE TÍTULO
Título El libro en la mano /
Mención de responsabilidad, etc. Roque Esteban Scarpa ; ilustración de Jorge Swinburn ; edición de Mauricio Amster.
246 13 - FORMA VARIANTE DE TÍTULO
Título propio/Titulo breve El hombre perdido en el mundo, tema y raíz de la poesía contemporánea
260 ## - PUBLICACIÓN, DISTRIBUCIÓN, ETC.
Lugar de publicación, distribución, etc. Santiago de Chile :
Nombre del editor, distribuidor, etc. Universitaria,
Fecha de publicación, distribución, etc. 1954.
300 ## - DESCRIPCIÓN FÍSICA
Extensión 135 p. ;
Dimensiones 20 cm.
505 0# - NOTA DE CONTENIDO CON FORMATO
Nota de contenido con formato El hombre perdido en el mundo, tema y raíz de la poesía contemporánea.--El libro en la mano: Proust y Plinio. El otono de Georg Trakl. Jules Renard, ese condenado a muerte. Un poeta muere en una isla. Lichtenberg en su sentir y pensar. La infancia mágica de Hans Carossa. La bella mascara sobre la soledad de dos mujeres.
650 #0 - PUNTO DE ACCESO ADICIONAL DE MATERIA--TÉRMINO DE MATERIA
Término de materia o nombre geográfico como elemento de entrada Literatura
9 (RLIN) 3439
700 1# - PUNTO DE ACCESO ADICIONAL--NOMBRE DE PERSONA
Nombre de persona Swinburn, Jorge
Término indicativo de función/relación il.
9 (RLIN) 3440
700 1# - PUNTO DE ACCESO ADICIONAL--NOMBRE DE PERSONA
Nombre de persona Amster, Mauricio
Término indicativo de función/relación ed.
9 (RLIN) 3441
Holdings
Estado de retiro Estado de pérdida Restricciones de uso No para préstamo Código de colección Localización permanente Ubicación/localización actual Ubicación en estantería Fecha de adquisición Número de inventario Total de préstamos Signatura topográfica completa Código de barras Fecha visto por última vez Precio válido a partir de Tipo de ítem Koha
    Préstamo interno Préstamo en sala Dominicana de Servicio Biblioteca Nacional Pedro Henríquez Ureña Biblioteca Nacional Pedro Henríquez Ureña En catalogación 19.09.2009 LF1   xx xx 981-10 25.06.2020 25.06.2020 Libros y folletos

Powered by Koha